Szczegóły MARC21

Kręgosłup : odcinek szyjny : ćwiczenia dla każdego /

003 -Nazwa inst., której nr kontr. jest w polu 001 [,]
    • @
    • Nazwa instytucji, której n kontrolny jest w polu 001
    • NUKAT
005 -DATA I CZAS OSTATNIEJ MODYFIKACJI [,]
    • @
    • pole kontrolne
    • 20241231094640.0
020 -Międzynarod. znormalizowany nr książki - ISBN [ , ]
    • a
    • Numer ISBN
    • 9788382601015 Find
040 -Instytucja sporządzająca opis [ , ]
    • a
    • Instytucja, która sporządziła opis (NP)
    • SZCZ 010/KW
    • b
    • Język katalogowania
    • pol
    • e
    • Zasady katalogowania
    • rda
    • c
    • Instytucja, która sporządziła rekord (NP)
    • SZCZ 010/KW
    • d
    • Instytucja, która zmodyfikowała rekord (P)
    • SZCZ U/JSs
942 -Rodzaj dokumentu [ , ]
    • c
    • Rodzaj dokumentu
    • Książka
100 -Hasło główne - nazwa osobowa [1, ]
    • a
    • Nazwa osobowa (NP)
    • Chojnowska-Depczyńska, Emilia.
    • e
    • Rodzaj współpracy
    • Autor
    • 9
    • KHW
    • 458813
245 -Strefa tytułu i oznaczenia odpowiedzialności [1,0]
    • a
    • Tytuł
    • Kręgosłup : Find
    • b
    • Ciąg dalszy tytułu (NP)
    • odcinek szyjny : ćwiczenia dla każdego / Find
    • c
    • Pozostałe elementy strefy tytułu i oznaczenia odpowiedzialności (NP)
    • Emilia Chojnowska-Depczyńska ; zdjęcia Mateusz Patalon.
260 -Strefa adresu wydawniczego [ , ]
    • a
    • Miejsce wydania (P)
    • Toruń :
    • b
    • Nazwa wydawcy (P)
    • Wydawnictwo Literat,
    • c
    • Data wydania (P)
    • [2022].
300 -Strefa opisu fizycznego [ , ]
    • a
    • Określenie formy książki i/lub objętość (NP)
    • 32 strony :
    • b
    • Oznaczenie ilustracji (NP)
    • ilustracje kolorowe ;
    • c
    • Format (NP)
    • 21 cm.
336 -Typ zawartości [ , ]
    • a
    • Termin opisujący typ zawartości
    • Tekst
    • b
    • Kod określający zawartość
    • txt
    • 2
    • Źródło (terminu i kodu)
    • rdacontent
337 -Typ mediów [ , ]
    • a
    • Tryb odtwarzania
    • Bez urządzenia pośredniczącego
    • b
    • Kod typu mediów
    • n
    • 2
    • Źródło (terminu i kodu)
    • rdamedia
338 -Typ/rodzaj nośnika [ , ]
    • a
    • Hasło opisujące typ nośnika
    • Wolumin
    • b
    • Kod typu nośnika
    • nc
    • 2
    • Źródło (terminu i kodu)
    • rdacarrier
490 -Strefa serii i książki wielotomowej - forma nie do wyszukiwania [1, ]
    • a
    • Tytuł (P)
    • Porady Lekarza Rodzinnego ; Find
    • v
    • Numeracja (P)
    • nr 150
830 -Hasło dodatkowe serii i opisu książki wielotomowej - tytuł ujednolicony/tytuł [ ,0]
    • a
    • Tytuł ujednolicony/tytuł (NP)
    • Porady Lekarza Rodzinnego
    • v
    • Oznaczenie tomu (NP)
    • nr 150
    • 9
    • KHW
    • 24621
500 -Uwaga ogólna [ , ]
    • a
    • Uwaga ogólna (NP)
    • Opis wg okładki.
500 -Uwaga ogólna [ , ]
    • a
    • Uwaga ogólna (NP)
    • Data wydania na podstawie: https://www.gildia.pl/literatura/510181-kregoslup-odcinek-szyjny-cwiczenia-dla-kazdego.
650 -Hasło przedmiotowe [ ,7]
    • a
    • Hasło przedmiotowe
    • Kręgosłup
    • x
    • Określnik rzeczowy
    • choroby
    • x
    • Określnik rzeczowy
    • gimnastyka lecznicza
    • v
    • Określnik formalny
    • poradniki.
    • 2
    • Źródło terminu
    • kaba
    • 9
    • KHW
    • 433842
700 -Hasło dodatkowe - nazwa osobowa [1, ]
    • a
    • Nazwa osobowa (NP)
    • Patalon, Mateusz. Find
    • e
    • Określenie rodzaju współpracy
    • Ilustracje
    • 9
    • KHW
    • 651800
710 -Hasło dodatkowe - nazwa ciała zbiorowego [2, ]
    • a
    • Nazwa ciała zbiorowego lub nazwa geograficzna jako pierwszy element (NP)
    • Wydawnictwo Edukacyjne Literat.
    • e
    • Rodzaj współpracy
    • Wydawca
    • 4
    • Kod relacji
    • pbl
    • 9
    • KHW
    • 50761
920 -ISBN [ , ]
    • a
    • ISBN
    • 978-83-8260-101-5 Find
Numer inwentarzowy Data inwentaryzacji Sygnatura Status udost. Lokalizacja
WFM.1042022-12-05 -3BM
WFM.1082022-12-05 -3BM
WFM.1092022-12-05 -3BM
WF.109952022-12-05Ćwiczenia zdrowotne 291BM